000 00237nam a2200097Ia 4500
001 643446
005 20250826153546.0
008 250824s9999 xx 000 0 und d
245 0 _aSAKLI HAZİNE
_cİSMAİL BİLGİN
260 _bGENÇ TİMAŞ
999 _c643446
_d643446